<?xml version="1.0" encoding="UTF-8"?>
<record
    xmlns:xsi="http://www.w3.org/2001/XMLSchema-instance"
    xsi:schemaLocation="http://www.loc.gov/MARC21/slim http://www.loc.gov/standards/marcxml/schema/MARC21slim.xsd"
    xmlns="http://www.loc.gov/MARC21/slim">

  <leader>01190nam2a22002531  4500</leader>
  <controlfield tag="001">rc\4279330</controlfield>
  <controlfield tag="005">20250611145223.0</controlfield>
  <datafield tag="035" ind1=" " ind2=" ">
    <subfield code="a">(NLR Aleph) 008244705</subfield>
  </datafield>
  <datafield tag="090" ind1=" " ind2=" ">
    <subfield code="a">8298802</subfield>
    <subfield code="c">8298802</subfield>
  </datafield>
  <datafield tag="100" ind1=" " ind2=" ">
    <subfield code="a">20130416d1959    |||y0rusy50      ca</subfield>
  </datafield>
  <datafield tag="101" ind1="0" ind2=" ">
    <subfield code="a">rus</subfield>
  </datafield>
  <datafield tag="102" ind1=" " ind2=" ">
    <subfield code="a">RU</subfield>
  </datafield>
  <datafield tag="105" ind1=" " ind2=" ">
    <subfield code="a">y   z   |||||</subfield>
  </datafield>
  <datafield tag="200" ind1="1" ind2=" ">
    <subfield code="a">&#x424;&#x43E;&#x440;&#x43C;&#x43E;&#x432;&#x43E;&#x447;&#x43D;&#x44B;&#x435; &#x43C;&#x430;&#x442;&#x435;&#x440;&#x438;&#x430;&#x43B;&#x44B;</subfield>
    <subfield code="f">&#x421;&#x43E;&#x441;&#x442;. &#x412;.&#x410;. &#x413;&#x443;&#x441;&#x435;&#x432;&#x430;</subfield>
  </datafield>
  <datafield tag="210" ind1=" " ind2=" ">
    <subfield code="d">1959</subfield>
    <subfield code="a">&#x411;. &#x43C;.</subfield>
  </datafield>
  <datafield tag="215" ind1=" " ind2=" ">
    <subfield code="a">122 &#x441;.</subfield>
  </datafield>
  <datafield tag="333" ind1=" " ind2=" ">
    <subfield code="a">&#x414;&#x421;&#x41F;. &#x42D;&#x43A;&#x437;. &#x2116; 5</subfield>
  </datafield>
  <datafield tag="461" ind1=" " ind2="0">
    <subfield code="1">001rc\4279303</subfield>
    <subfield code="1">2001#$a&#x411;&#x430;&#x43B;&#x430;&#x43D;&#x441; &#x437;&#x430;&#x43F;&#x430;&#x441;&#x43E;&#x432; &#x43F;&#x43E;&#x43B;&#x435;&#x437;&#x43D;&#x44B;&#x445; &#x438;&#x441;&#x43A;&#x43E;&#x43F;&#x430;&#x435;&#x43C;&#x44B;&#x445; &#x421;&#x421;&#x421;&#x420; &#x43D;&#x430; 1 &#x44F;&#x43D;&#x432;&#x430;&#x440;&#x44F; 1959 &#x433;&#x43E;&#x434;&#x430;$e&#x412;&#x44B;&#x43F;. 1-$f&#x41C;-&#x432;&#x43E; &#x433;&#x435;&#x43E;&#x43B;&#x43E;&#x433;&#x438;&#x438; &#x438; &#x43E;&#x445;&#x440;&#x430;&#x43D;&#x44B; &#x43D;&#x435;&#x434;&#x440; &#x421;&#x421;&#x421;&#x420;. &#x412;&#x441;&#x435;&#x441;&#x43E;&#x44E;&#x437;. &#x433;&#x435;&#x43E;&#x43B;. &#x444;&#x43E;&#x43D;&#x434;$v&#x412;&#x44B;&#x43F;. 63</subfield>
    <subfield code="9">8298644</subfield>
    <subfield code="c">&#x41C;&#x43E;&#x441;&#x43A;&#x432;&#x430;</subfield>
    <subfield code="d">1959</subfield>
    <subfield code="f">&#x41C;-&#x432;&#x43E; &#x433;&#x435;&#x43E;&#x43B;&#x43E;&#x433;&#x438;&#x438; &#x438; &#x43E;&#x445;&#x440;&#x430;&#x43D;&#x44B; &#x43D;&#x435;&#x434;&#x440; &#x421;&#x421;&#x421;&#x420;. &#x412;&#x441;&#x435;&#x441;&#x43E;&#x44E;&#x437;. &#x433;&#x435;&#x43E;&#x43B;. &#x444;&#x43E;&#x43D;&#x434;</subfield>
    <subfield code="n">&#x413;&#x43E;&#x441;&#x433;&#x435;&#x43E;&#x43B;&#x442;&#x435;&#x445;&#x438;&#x437;&#x434;&#x430;&#x442;</subfield>
    <subfield code="o">&#x412;&#x44B;&#x43F;. 1-</subfield>
    <subfield code="t">&#x411;&#x430;&#x43B;&#x430;&#x43D;&#x441; &#x437;&#x430;&#x43F;&#x430;&#x441;&#x43E;&#x432; &#x43F;&#x43E;&#x43B;&#x435;&#x437;&#x43D;&#x44B;&#x445; &#x438;&#x441;&#x43A;&#x43E;&#x43F;&#x430;&#x435;&#x43C;&#x44B;&#x445; &#x421;&#x421;&#x421;&#x420; &#x43D;&#x430; 1 &#x44F;&#x43D;&#x432;&#x430;&#x440;&#x44F; 1959 &#x433;&#x43E;&#x434;&#x430;</subfield>
    <subfield code="v">&#x412;&#x44B;&#x43F;. 63</subfield>
  </datafield>
  <datafield tag="702" ind1=" " ind2="1">
    <subfield code="a">&#x413;&#x443;&#x441;&#x435;&#x432;&#x430;</subfield>
    <subfield code="b">&#x412;.&#x410;.</subfield>
    <subfield code="4">220</subfield>
  </datafield>
  <datafield tag="801" ind1=" " ind2="0">
    <subfield code="a">RU</subfield>
    <subfield code="b">NLR</subfield>
    <subfield code="g">psbo</subfield>
  </datafield>
  <datafield tag="801" ind1=" " ind2="1">
    <subfield code="a">RU</subfield>
    <subfield code="b">ELAR</subfield>
    <subfield code="2">rusmarc</subfield>
  </datafield>
  <datafield tag="852" ind1=" " ind2=" ">
    <subfield code="a">NLR</subfield>
    <subfield code="j">59-7/1533</subfield>
  </datafield>
  <datafield tag="942" ind1=" " ind2=" ">
    <subfield code="c">BOOK</subfield>
  </datafield>
  <datafield tag="980" ind1=" " ind2=" ">
    <subfield code="a">NB</subfield>
  </datafield>
  <datafield tag="995" ind1=" " ind2=" ">
    <subfield code="5">2013-10-26</subfield>
    <subfield code="b">NLR01</subfield>
    <subfield code="c">NLR01</subfield>
    <subfield code="e">RF31</subfield>
    <subfield code="f">8244705-10</subfield>
    <subfield code="k">59-7/1533</subfield>
    <subfield code="o">0</subfield>
    <subfield code="r">BOOK</subfield>
    <subfield code="s">5971533_</subfield>
  </datafield>
</record>
